000 00528nam a2200145 4500
008 708 B959d
020 _a9968899100
082 _a708
_bB959d
100 _aBurke, Hector
_9283
245 _aUn desaparecido
260 _aSan José, Costa Rica
_bTEOR/éTica
_c2003
300 _a35 p.
_bill (col)
_c20,2 x 21.7 cm
505 _tEl signo de un "outsider"
_rVirginia Pérez-Ratton
_tSoy un auténtico extravagante
_rJoaquín Rodríguez del Paso
650 _xarte contemporáneo
_xarte - exhibiciones
_xarte - grabado
_xarte - Costa Rica
_96767
999 _c1659
_d1659